Essential English dictionary for KBSM / John Grisewood

Bibliographic Details
Main Author: Grisewood, John (Author)
Format: Book
Published: Kuala Lumpur : Utusan Pub. , 1993
Subjects:

MARC

LEADER 00000cam a2200000 7i4500
001 0000008036
005 20070902093000.0
020 |a 9676103314 
090 0 0 |a PE1625   |b .G7 
100 0 |a Grisewood, John ,   |e author 
245 0 0 |a Essential English dictionary for KBSM / John Grisewood 
260 2 |a Kuala Lumpur :   |b Utusan Pub. ,   |c 1993 
300 |a 255 p. ; ;   |c 19 cm. 
650 0 |a English language   |v Dictionaries 
999 |a 1000052502   |b Book   |c Reference   |e Gong Badak Campus 
999 |a 1000052503   |b Book   |c Reference   |e Gong Badak Campus